الطوبونيميا النبطية (دراسة فى أسماء المواقع الجغرافية فى ضوء المصادر التاريخية ومخطوطات البحر الميت)

محفوظ في:

المؤلف الرئيسي: زياد مهدى السلامين

مؤلفون آخرون: اخلاص خالد القنانوة

التنسيق: كتاب

اللغة: Undetermined

منشور في: Jordan Matbaeat alsafir 2021

الوسوم: إضافة وسم

لا توجد وسوم, كن أول من يضع وسما على هذه التسجيلة!

رقم الطلب:

LEADER 00539nam a2200133Ia 4500
008 240503s9999||||xx |||||||||||||| ||und||
020 |a 9789957677732 
100 1 |a زياد مهدى السلامين 
245 1 0 |a الطوبونيميا النبطية (دراسة فى أسماء المواقع الجغرافية فى ضوء المصادر التاريخية ومخطوطات البحر الميت) 
264 1 |a Jordan  |b Matbaeat alsafir  |c 2021 
300 |a 292  |c 25 
700 1 |a اخلاص خالد القنانوة 
942 |2 lcc  |c BK 
999 |c 58353  |d 58353